书目信息 |
| 题名: |
中国名亭
|
|
| 作者: | 吴继路 | |
| 分册: | ||
| 出版信息: | 天津 百花文艺出版社 2003 |
|
| 页数: | 216页 | |
| 开本: | 20cm | |
| 丛书名: | ||
| 单 册: | ||
| 中图分类: | K928.79 | |
| 科图分类: | ||
| 主题词: | 地理--中国 | |
| 电子资源: | ||
| ISBN: | 7-5306-3404-6 | |
| 000 | 00494nam0 2200181 450 | |
| 001 | 0736196517 | |
| 005 | 20070924100316.51 | |
| 010 | @a7-5306-3404-6@d¥14.00 | |
| 100 | @a20070924d km y0chiy0120 ea | |
| 101 | 0 | @achi |
| 200 | 1 | @a中国名亭@Azhong guo ming ting@f吴继路@Fwu ji lu |
| 210 | @a天津@c百花文艺出版社@d2003 | |
| 215 | @a216页@c照片@d20cm | |
| 606 | 0 | @a地理@x中国 |
| 690 | @aK928.79@v3 | |
| 701 | 0 | @a吴继路@Awu ji lu |
| 801 | 0 | @aCN@bPFT@c20070924 |
| 905 | @a213230@dK928.79@eZY74@f1 | |
| 中国名亭/吴继路.-天津:百花文艺出版社,2003 |
| 216页:照片;20cm |
| ISBN 7-5306-3404-6:¥14.00 |
| ● |
| 相关链接 |
|
|
|
|
正题名:中国名亭
索取号:K928.79/ZY74
 
预约/预借
| 序号 | 登录号 | 条形码 | 馆藏地/架位号 | 状态 | 备注 |
| 1 | 7900404 | 279004042 | 资源管理系资料室/ [索取号:K928.79/ZY74] | 在馆 |